Estatísticas para Países em Inglês

Clique aqui para jogar o quiz

Estatísticas Gerais

  • Esse quiz foi jogado 376 vezes
  • A pontuação média é 17 de 20

Estatísticas das Respostas

InglêsPortuguês% Correto
BelgiumBélgica
100%
GermanyAlemanha
97%
GreeceGrécia
97%
MoroccoMarrocos
97%
DenmarkDinamarca
96%
SpainEspanha
96%
United StatesEstados Unidos
95%
PolandPolônia
95%
South Korea
Coreia do Sul
94%
PhilippinesFilipinas
94%
United KingdomReino Unido
90%
SwitzerlandSuíça
87%
NorwayNoruega
86%
SwedenSuécia
85%
NetherlandsPaíses Baixos
84%
CyprusChipre
72%
Myanmar / BurmaBirmânia
69%
Ivory CoastCosta do Marfim
68%
Saint Kitts and Nevis
São Cristóvão e Névis
64%
LatviaLetônia
62%

Distribuição das Pontuações

Percentil de Números Respondidos

Porcentagem de Pessoas com Cada Pontuação

Sua Pontuação Histórica

Você não jogou esse quiz